logo

Bir Sreshtho Munshi Abdur Rouf Library
Jhenaidah Cadet College

অটোবায়োগ্রাফী অব জওহরলাল নেহরু / (Record no. 11427)

MARC details
000 -LEADER
fixed length control field 00724nam a2200229 a 4500
001 - CONTROL NUMBER
JCCL Control Number 11427
003 - CONTROL NUMBER IDENTIFIER
JCCL marc code BD-JhCC
005 - DATE AND TIME OF LATEST TRANSACTION
control field 20190919131801.0
008 - FIXED-LENGTH DATA ELEMENTS--GENERAL INFORMATION
fixed length control field 190612b20082012bg |||| ||a| 001 0 ben d
020 ## - INTERNATIONAL STANDARD BOOK NUMBER
International Standard Book Number 9847009300523
035 ## - SYSTEM CONTROL NUMBER
system control number (BD-JhCC)11427
040 ## - CATALOGING SOURCE
Original cataloging agency BD-JhCC
Modifying agency BD-JhCC
041 ## - LANGUAGE CODE
Language code of Book ben
082 ## - DEWEY DECIMAL CLASSIFICATION NUMBER
Author mark and Year CHO 2012
Classification number 923.1
100 ## - MAIN ENTRY--PERSONAL NAME
Personal name চৌধরী, কাজল
245 ## - TITLE STATEMENT
Title অটোবায়োগ্রাফী অব জওহরলাল নেহরু /
Statement of responsibility, etc কাজল চৌধরী ।
260 ## - PUBLICATION, DISTRIBUTION, ETC. (IMPRINT)
Place of publication, distribution, etc ঢাকা:
Name of publisher, distributor, etc নালন্দা;
Date of publication, distribution, etc ২০১২.
300 ## - PHYSICAL DESCRIPTION
Pagination ৫৪৩ পৃ. :
Dimensions ২২ সেমি.
600 ## - SUBJECT ADDED ENTRY--PERSONAL NAME
Personal name Nehero, Jawharlal
942 ## - ADDED ENTRY ELEMENTS (KOHA)
Source of classification or shelving scheme Dewey Decimal Classification
Koha item type Books
Holdings
Source of classification or shelving scheme Damaged status Not for loan Home library Current library Shelving location Date of accession Cost, normal purchase price Total Checkouts Full call number Barcode Date last seen Copy number Koha item type
Dewey Decimal Classification     JCC Rouf Library JCC Rouf Library General Stacks 06/12/2019 455.00   923.1 CHO 2012 15321 09/12/2019 C-1 Books

JCC Library | Contacts | JCC Home

Last Update on 23 September 2017
Copyright @ 2017-2020 JCC Rouf Library
Rouf Library, Jhenidah Cadet College (JCC), Bangladesh